Women's experience of corruption in public services (Record no. 4888)
[ view plain ]
| 000 -LEADER | |
|---|---|
| fixed length control field | 00611nam a2200169 4500 |
| 008 - FIXED-LENGTH DATA ELEMENTS--GENERAL INFORMATION | |
| fixed length control field | 240503b |||||||| |||| 00| 0 eng d |
| 020 ## - ISBN | |
| ISBN | 9789551281632 |
| 082 ## - DEWEY DECIMAL CLASSIFICATION NUMBER | |
| Classification number | 305.4 |
| Item number | TRA |
| 942 ## - ADDED ENTRY ELEMENTS (KOHA) | |
| Item Type | Reports |
| 110 ## - MAIN ENTRY--CORPORATE NAME | |
| Corporate Name | Transparency International Sri Lanka |
| 245 ## - TITLE STATEMENT | |
| Title | Women's experience of corruption in public services |
| 260 ## - PUBLICATION, DISTRIBUTION, ETC. (IMPRINT) | |
| Place of Publication | Colombo: |
| Name of Publisher | Transparency International Sri Lanka, |
| Date of Copyright | 2014 |
| 300 ## - PHYSICAL DESCRIPTION | |
| Extent | xi., 51 p. |
| Physical Details | Reference and glossary included |
| 856 ## - ELECTRONIC LOCATION AND ACCESS | |
| Uniform Resource Identifier | <a href="https://www.tisrilanka.org/wp-content/uploads/2023/02/WEC.pdf">https://www.tisrilanka.org/wp-content/uploads/2023/02/WEC.pdf</a> |
| 650 ## - SUBJECT ADDED ENTRY--TOPICAL TERM | |
| Topical Term | WOMEN AND CORRUPTION-Sri Lanka |
| 650 ## - SUBJECT ADDED ENTRY--TOPICAL TERM | |
| Topical Term | Public services-corruption-Sri Lanka |
| Withdrawn status | Lost status | Source of classification or shelving scheme | Damaged status | Not for loan | Permanent location | Current location | Date acquired | Total Checkouts | Full call number | Barcode | Date last seen | Price effective from | Koha item type |
|---|---|---|---|---|---|---|---|---|---|---|---|---|---|
| Dewey Decimal Classification | Resource center, Muslim Women's Research And Action Forum | Resource center, Muslim Women's Research And Action Forum | 2024-05-03 | 305.4 TRA | RAF5246 | 2024-05-03 | 2024-05-03 | Reports | |||||
| Dewey Decimal Classification | Resource center, Muslim Women's Research And Action Forum | Resource center, Muslim Women's Research And Action Forum | 2024-05-03 | 305.4 TRA | RAF5247 | 2024-05-03 | 2024-05-03 | Reports |

